| 000 | 00609nam a2200157Ia 4500 | ||
|---|---|---|---|
| 008 | 100122s9999 xx 000 0 und d | ||
| 082 |
_b73646 _a81 |
||
| 100 | _aकणेकर शिरीष | ||
| 245 | _aकणेकरायण ( वेचक शिरीष कणेकर भाग-2 ) | ||
| 250 | _a1 | ||
| 260 |
_bदिलीप प्रकाशन _c2008 |
||
| 300 | _a340 | ||
| 630 | _aकणेकरायण ( वेचक शिरीष कणेकर भाग-2 ) | ||
| 730 | _aकणेकरायण ( वेचक शिरीष कणेकर भाग-2 ) | ||
| 942 | _cBOOK | ||
| 999 |
_c389633 _d389630 |
||